00566nam a2200181 i 450000100070000000500170000700800410002402000280006504000180009308200230011110000170013424501400015126000300029130000110032150000200033265000130035265000190036531734120240322050446.0750701s1975 nyu b 001 0 eng  a0679302840 a067930276X aDLCcDLCdDLC00a324.623.222bTHE.1 aFreeman, Jo.14aThe politics of women's liberation :ba case study of an emerging social movement and its relation to the policy process /cJo Freeman. aNew York :bMcKay,c1975. a46 P., aIncludes index. 0aFeminism 0aWomen's rights